000 00814nam a2200241 i 4500
001 66397
003 ES-MaACL
005 20240219223314.0
007 t|
008 040213s2000 brg ||||1| bul d
020 _a954-733-113-2
080 _a821.134.2-4"19"
100 1 _aOrtega y Gasset, José,
_d1883-1955
_987503
245 1 0 _aRazmishlenia zarhu Don Kihot /
_cXoce Ormeaa u Gacem ; [traducido por] Stefka Kojouharova.
260 _aSofía :
_bProzoretz,
_c[2000]
546 _aTraducido al búlgaro en caracteres cirílicos.
594 _aTraducción de: Meditaciones del Quijote.
600 1 4 _aCervantes Saavedra, Miguel de,
_d1547-1616-
_xFilosofía
_9171973
700 1 _aKojouharova, Stefka.
_968502
740 0 2 _aMeditaciones del Quijote.
852 _aES-MaACL
_jL-26859
999 _c66397
_d66397